BIBLIOTECA PODER JUDICIAL
Portal Judicial TDF

Extradicion de nacionales : (Registro nro. 502)

000 -LEADER
fixed length control field 00618nam a22001817a 4500
003 - CONTROL NUMBER IDENTIFIER
control field OSt
005 - DATE AND TIME OF LATEST TRANSACTION
control field 20191029062545.0
008 - FIXED-LENGTH DATA ELEMENTS--GENERAL INFORMATION
fixed length control field 180221b xxu||||| |||| 00| 0 spa d
040 ## - CATALOGING SOURCE
Transcribing agency PJ
100 ## - ASIENTO PRINCIPAL - NOMBRE DE PERSONA
Personal name Piombo, Horacio Daniel
9 (RLIN) 636
245 10 - MENCIÓN DE TÍTULO
Título propiamente dicho Extradicion de nacionales :
Parte restante del título proyecciones sustanciales procesales e internacionales de la regla interdictoria /
Mención de responsabilidad, etc Horacio Daniel Piombo.
260 ## - PUBLICATION, DISTRIBUTION, ETC. (IMPRINT)
Place of publication, distribution, etc Buenos Aires :
Name of publisher, distributor, etc Depalma,
Date of publication, distribution, etc 1974.
300 ## - DESCRIPCION FISICA
Extent 295 p.
Dimensions 23 cm.
500 ## - NOTA GENERAL
General note Notas al pie de página.
650 #0 - ASIENTO SECUNDARIO DE MATERIA - TERMINO TEMATICO
9 (RLIN) 653
Topical term or geographic name as entry element DERECHO INTERNACIONAL PENAL
650 #0 - ASIENTO SECUNDARIO DE MATERIA - TERMINO TEMATICO
Topical term or geographic name as entry element EXTRADICION
9 (RLIN) 658
942 ## - ADDED ENTRY ELEMENTS (KOHA)
Source of classification or shelving scheme
Koha item type Libros
Classification part 341.44
Item part PIO
Existencias
Withdrawn status Lost status Source of classification or shelving scheme Damaged status Not for loan Permanent Location Current Location Date acquired Full call number Barcode Date last seen Price effective from Koha item type
          Biblioteca Poder Judicial Sur Biblioteca Poder Judicial Sur 2018-05-17 341.44 PIO 3252 2018-05-17 2018-05-17 Libros

12 de Octubre 789 Ushuaia - Tel:  54(02901)441571
Horario de Atención: 8.00 a 17.00 hs. 
bibliotecaush@justierradelfuego.gov.ar
koha@justierradelfuego.gov.ar
Seguinos en nuestras redes @bibliojustdf 

Con tecnología Koha